000 00463nam a2200181Ia 4500
005 20250326143734.0
008 250326s9999 xx 000 0 und d
037 _aTextbook
040 _aFMSL
_beng
_cFMSL
041 _aeng
_2eng
084 _aX:72 P0
_qFMSL
100 _aLangdon K
_9741711
245 0 _aSmart business
_cLangdon K
260 _aUSA
_bUSA, Capstone
_c2000
300 _a246p
942 _cTB
_hX:72 P0
999 _c1300812
_d1300812